000 00575nam a2200169Ia 4500
008 090201s9999 xx 000 0 und d
010 _aKPL-18858
040 _bमराठी
041 _aमराठी
082 _a11416
_b18858
100 _aअनिल बर्वे
245 _aथँक यु मिस्टर ग्लाड
_cअनिल बर्वे
260 _c2004
_bपा़़ॅप्युलर प्रकाशन
300 _a104
_bमोठा
600 _aथँक यु मिस्टर ग्लाड
942 _cBOOK
999 _c211806
_d211806